| 000 | 01063cam a2200349 i 4500 | ||
|---|---|---|---|
| 001 | 200451807 | ||
| 003 | TR-AnTOB | ||
| 005 | 20251105162836.0 | ||
| 007 | ta | ||
| 008 | 710707s1970 fr a bs 000 0 fre | ||
| 010 | _a72570561 | ||
| 015 | _aF*** | ||
| 035 | _a(TR-AnTOB)200451807 | ||
| 040 |
_aDLC _beng _erda _cDLC _dUKM _dEEM _dUtOrBLW _dTR-AnTOB |
||
| 041 | 0 | _afre | |
| 050 | 4 |
_aHC79.W24 _bO74 1970 |
|
| 086 |
_aOECD _aI43 |
||
| 090 |
_aHC79.W24 _bO74 1970 |
||
| 110 | 2 |
_aOrganisation for Economic Co-operation and Development _933753 |
|
| 245 | 1 | 0 |
_aInflation : _ble probleme actuel :rapport / _cdu Secretaire General. |
| 264 | 1 |
_a[Paris] : _bOCDE, _c1970. |
|
| 300 |
_a119 pages : _billustrations ; _c27 cm |
||
| 336 |
_atext _btxt _2rdacontent |
||
| 337 |
_aunmediated _bn _2rdamedia |
||
| 338 |
_avolume _bnc _2rdacarrier |
||
| 650 | 0 |
_aWage-price policy _9130754 |
|
| 650 | 0 |
_aInflation (Finance) _917937 |
|
| 775 |
_tInflation : the present problem _w(TR-AnTOB)200441689 |
||
| 942 |
_2lcc _cBK |
||
| 999 |
_c200451807 _d70019 |
||